1789 1325 1270 1274 1509 1843 1746 1211 1584 1915 1244 1613 1793 1062 1049 1554 1986 1777 1885 1302 1248 1982 1031 1692 1156 1454 1760 1396 1777 1415 1731 1664 1848 1974 1492 1126 1421 1734 1300 1066 1031 1858 1587 1343 1711 1189 1727 1158 1293 1306 1408 1525 1541 1280 1684 1298 1869 1506 1409 1819 1607 1562 1861 1908 1854 1940 1648 1089 1723 1031 1718 1122 1486 1041 1477 1015 1868 1418 1299 1883 1540 1413 1287 1378 1874 1417 1739 1177 1166 1120 1078 1727 1714 1674 1470 1165 1378 1199 1081 BCNSPRNW ULIB Ver.6.0+V

เปลี่ยนเป็นภาษาไทย

Change to English
 แสดงรายละเอียดบรรณานุกรม
  กลับหน้าหลัก

Brief Record : Get Marc (ISO 2709) : E-mail record : QR code < ปิดหน้าต่าง
LEADER : 00000nam 2200000uu 4500
001    13399111972
003     ULIB
008    110713s2543||||th 000 0 tha d
020    9746110543 (ล.1)
060 04 WA525^bกร513 ล.1 2543
245 00 การบริหารสาธารณสุขทั่วไป หน่วยที่ 1-7 =^bGeneral health management /^cสาขาวิชาวิทยาศาสตร์สุขภาพ มหาวิทยาลัยสุโขทัยธรรมาธิราช
246 31 General health management
250    พิมพ์ครั้งที่ 16
260    [นนทบุรี] :^bสำนักพิมพ์มหาวิทยาลัยสุโขทัยธรรมาธิราช,^c2543
300    2 เล่ม ;^c30 ซม.
500    "เอกสารการสอนชุดวิชา 52301 หน่วยที่ 1-7"- หน้าปกใน
500    สิ่งพิมพ์ของ มหาวิทยาลัยสุโขทัยธรรมาธิราชสาขาวิชาวิทยาศาสตร์สุขภาพ
650  4 สาธารณสุข, การบริหาร
710 2  มหาวิทยาลัยสุโขทัยธรรมาธิราช. ^bสาขาวิชาวิทยาศาสตร์สุขภาพ
945    ^p0^l0^i18409
945    ^p0^l0^i18410
995    กัณชพร
999    ^aใช้งานได้ทุกระบบ
รายการนี้ยังไม่มีแท็ก
คุณยังไม่ได้ล็อกอิน คุณสามารถมีกิจกรรมร่วมกับเว็บไซต์ได้ แต่ต้องล็อกอินก่อน ::
  ล็อกอิน

รายการสื่อสารสนเทศ

ลำดับที่ ประเภท เลขเรียก/บาร์โค้ด สถานที่ สถานะ
- ไม่พบข้อมูล -

รายการใกล้เคียง
    หัวเรื่อง [สาธารณสุข, การบริหาร]

BibComment


ยังไม่เคยถูกคอมเมนท์

คอมเมนท์ทรัพยากรรายการนี้
  คอมเมนท์: การบริหารสาธารณสุ..


 Copyright 2026. Bcnsprnw @Library